Salute The Dark- Shadows Of The Apt (Record no. 574777)

MARC details
000 -LEADER
fixed length control field 00475nam a22001817a 4500
008 - FIXED-LENGTH DATA ELEMENTS--GENERAL INFORMATION
fixed length control field 250705b |||||||| |||| 00| 0 eng d
020 ## - INTERNATIONAL STANDARD BOOK NUMBER
ISBN 9781616142391
Paper back/Hardbound pbk
041 ## - LANGUAGE CODE
Language code of text/sound track or separate title eng
082 ## - DEWEY DECIMAL CLASSIFICATION NUMBER
Classification number 823.92 TCH
100 ## - MAIN ENTRY--AUTHOR NAME
Personal name Tchaikovsky Adrian
245 ## - TITLE STATEMENT
Title Salute The Dark- Shadows Of The Apt
Statement of responsibility, etc / Adrian Tchaikovsky
250 ## - EDITION STATEMENT
Edition statement 1st ed
260 ## - PUBLICATION, DISTRIBUTION, ETC. (IMPRINT)
Place of publication New York
Name of publisher Pyr
Year of publication 2010
300 ## - PHYSICAL DESCRIPTION
Number of Pages 325p. :
Dimensions 25cm
650 ## - SUBJECT ADDED ENTRY--TOPICAL TERM
Topical Term English Fiction
942 ## - ADDED ENTRY ELEMENTS (KOHA)
Koha item type English Books
Holdings
Withdrawn status Lost status Damaged status Not for loan Home library Current library Shelving location Date acquired Full call number Accession Number Price effective from Koha item type
        Anna Centenary Library Anna Centenary Library 4TH FLOOR, B WING 11.12.2010 823.92 TCH 426695 05.07.2025 English Books

Find us on the map